书目信息 |
| 题名: |
结构力学教程(上)
|
|
| 作者: | 郑照北 , 吕恒林 , 李天珍 编 | |
| 分册: | ||
| 出版信息: | 江苏徐州 中国矿业大学出版社 2000.03 |
|
| 页数: | 346页 | |
| 开本: | 26cm | |
| 丛书名: | ||
| 单 册: | ||
| 中图分类: | O342-43 | |
| 科图分类: | ||
| 主题词: | 固体力学 | |
| 电子资源: | ||
| ISBN: | 7-81070-137-1 | |
| 000 | 00654nam0 2200205 45 | |
| 001 | 0333653931 | |
| 005 | 2003032509205306 | |
| 010 | @a7-81070-137-1@d28.00CNY | |
| 100 | @a20030325d2000 km y0chiy0120 ea | |
| 101 | 0 | @achi |
| 200 | 1 | @a结构力学教程(上)@AJie Gou Li Xue Jiao Cheng(Shang)@f郑照北,吕恒林,李天珍编@FZheng Zhao Bei,Lu Heng Lin,Li Tian Zhen Bian |
| 210 | @a江苏徐州@c中国矿业大学出版社@d2000.03 | |
| 215 | @a346页@d26cm | |
| 606 | 0 | @a固体力学 |
| 690 | @aO342-43@v3 | |
| 701 | 0 | @a郑照北@AZheng Zhao Bei@4编 |
| 701 | 0 | @a吕恒林@ALu Heng Lin@4编 |
| 701 | 0 | @a李天珍@ALi Tian Zhen@4编 |
| 801 | 0 | @aCN@bPFT@c20030325 |
| 905 | @a@dO342-43@eZ455:1 | |
| 结构力学教程(上)/郑照北,吕恒林,李天珍编.-江苏徐州:中国矿业大学出版社,2000.03 |
| 346页;26cm |
| ISBN 7-81070-137-1:28.00CNY |
| ● |
| 相关链接 |
|
|
|
正题名:结构力学教程(上)
索取号:O342-43/Z455:1
 
预约/预借
| 序号 | 登录号 | 条形码 | 馆藏地/架位号 | 状态 | 备注 |
| 1 | 370989 | 203709898 | 自科库401/ [索取号:O342-43/Z455:1] | 在馆 | |
| 2 | 370990 | 203709905 | 自科库401/401自科库 52排7列1层/ [索取号:O342-43/Z455:1] | 在馆 |